Estadísticas para 15 principales países afectados por Covid19 - 7 agosto

Haz click aquí para intentar la prueba.

Estadísticas generales

  • Esta prueba ha sido intentada 19 veces
  • La puntuación promedio es 14 de 25

Estadísticas de respuestas

país% Correcto
Estados Unidos
100%
Brasil
94%
México
94%
Perú
94%
España
88%
India
88%
Rusia
88%
Reino Unido
82%
Chile
76%
Chile
76%
Colombia
71%
Irán
53%
Pakistán
53%
Arabia Saudita
41%
Bangladés
35%
Catar
35%
Panamá
35%
Sudáfrica
35%
Suecia
35%
Israel
18%
Omán
18%
Armenia
12%
Baréin
12%
Singapur
12%
Kuwait
6%

Distribución de puntuación

Porcentaje por número respondido

Porcentaje de gente con cada puntuación

Historial de tus puntuaciones

No has intentado esta prueba.